| 000 | 00422nam a2200133Ia 4500 | ||
|---|---|---|---|
| 008 | 160209s9999 xx 000 0 und d | ||
| 100 | _aSeidl-de-Moura, M.L. | ||
| 245 | _aHuman development - different perspectives / | ||
| 245 | _cM.L. Seidl-de-Moura. | ||
| 260 | _bInTech. | ||
| 260 | _c2012 | ||
| 650 | _xDevelopmental Psychology. | ||
| 856 | _uhttp://www.intechopen.com/books/human-development-different-perspectives | ||
| 999 |
_c290497 _d290497 |
||